Nōson no nenjū gyōji /

Saved in:
Bibliographic Details
Main Author: Takeda, Hisayoshi, 1883-1972.
Format: Book
Language:Japanese
Published: Tōkyō : Ryūseikaku, Shōwa 18 [1943]
Subjects:
Tags: Add Tag
No Tags, Be the first to tag this record!
LEADER 00604cam a2200205Ii 4500
001 007721009-3
005 20020606104010.5
008 800519s1943 ja a b 000 0 jpn d
035 0 |a ocm06333690 
040 |a OSU  |c OSU  |d IXA  |d OCL  |d YNH 
090 |a GT4884.A2  |b T27 
100 1 |a Takeda, Hisayoshi,  |d 1883-1972. 
245 1 0 |a Nōson no nenjū gyōji /  |c Takeda Hisayoshi. 
260 |a Tōkyō :  |b Ryūseikaku,  |c Shōwa 18 [1943] 
300 |a 590 p. :  |b ill. ;  |c 19 cm. 
504 |a Bibliography: p. 8-9. 
650 0 |a Festivals  |z Japan. 
651 0 |a Japan  |x Social life and customs. 
988 |a 20020608 
906 |0 OCLC